[Event "Sautron Retif op 0405"]
[Site "Sautron"]
[Date "2004.11.27"]
[Round "3"]
[White "Rolez, Xavier"]
[Black "Camus, Georges"]
[Result "1/2-1/2"]
[WhiteElo "1530"]
[BlackElo "1430"]
[PlyCount "132"]
[EventDate "2004.10.16"]
[EventType "swiss"]
[EventRounds "7"]
[EventCountry "FRA"]
[SourceTitle "EXT 2007"]
[Source "ChessBase"]
[SourceDate "2006.11.23"]
[SourceVersion "1"]
[SourceVersionDate "2006.11.23"]
[SourceQuality "1"]

1. d4 e6 2. Nf3 d5 3. Bf4 Nf6 4. e3 c5 5. Nc3 Nc6 6. Nb5 Ke7 7. Nc7 Rb8 8. Nxe6 Bxe6 9. Bxb8 Qxb8 10. dxc5 Ne4 11. a3 Nxc5 12. Be2 g6 13. 0-0 Bg7 14. c3 Rd8 15. Nd4 Nxd4 16. exd4 Ne4 17. f3 Nd6 18. Re1 Kf8 19. Bd3 Bf5 20. Qc2 Bxd3 21. Qxd3 Nf5 22. Re2 Kg8 23. Rae1 b5 24. g4 Nd6 25. Qe3 Nc4 26. Qe7 Bf8 27. Qf6 Bg7 28. Qxd8+ Qxd8 29. Re8+ Qxe8 30. Rxe8+ Bf8 31. Rb8 a6 32. Ra8 a5 33. Rb8 Nxb2 34. Rxb5 Nd1 35. Rxd5 Nxc3 36. Rxa5 Ne2+ 37. Kg2 Nxd4 38. Ra8 Kg7 39. a4 Bb4 40. a5 Ne6 41. a6 Nc7 42. Ra7 Nxa6 43. Rxa6 Bc3 44. g5 Bd2 45. h4 h6 46. Rd6 Bf4 47. Rf6 hxg5 48. hxg5 Bxg5 49. Ra6 Bf4 50. Kh3 g5 51. Kg4 f6 52. Kf5 Be5 53. Ra7+ Kf8 54. Ra6 Kf7 55. Re6 Kg7 56. Rxe5 fxe5 57. Kxe5 Kf7 58. Kf5 Ke7 59. Kxg5 Kf7 60. f4 Ke7 61. Kf5 Kf7 62. Ke5 Ke7 63. f5 Kf7 64. f6 Kf8 65. Ke6 Ke8 66. Kf5 Kf7 1/2-1/2